| 000 | 00393nam a2200109Ia 4500 | ||
|---|---|---|---|
| 008 | 160909s9999 xx 000 0 und d | ||
| 100 | _aMoskowitz, Sara. | ||
| 245 | _aAdvocacy for foster parents caring for children with special needs: A grant proposal | ||
| 260 |
_bCalifornia State University _c2016 |
||
| 650 | _aEDUC/SPED | ||
| 856 | _uhttp://pqdtopen.proquest.com/doc/1738629595.html?FMT=ABS | ||
| 999 |
_c305003 _d305003 |
||